Building agricultural research systems in the developing nations /

Bibliographic Details
Main Author: Moseman, Albert H.
Format: Book
Language:English
Published: New York : The Agricultural Development Council, [1970]
Subjects:

MARC

Tag First Indicator Second Indicator Subfields
LEADER 00000cam a2200000 4500
001 in00000246785
005 20151010051146.0
008 720925s1970 nyu b 00010 eng d
035 |a (OCoLC)00414013 
035 |9 ABB4511AM 
040 |c OSU  |d TXA  |d UtOrBLW 
049 |a TXAM  |c [1162383] 
090 |a S540.A2  |b M6 
100 1 |a Moseman, Albert H. 
245 1 0 |a Building agricultural research systems in the developing nations /  |c [by] Albert H. Moseman. 
264 1 |a New York :  |b The Agricultural Development Council,  |c [1970] 
264 4 |c [©1970] 
300 |a 137 pages ;  |c 23 cm. 
336 |a text  |b txt  |2 rdacontent 
337 |a unmediated  |b n  |2 rdamedia 
338 |a volume  |b nc  |2 rdacarrier 
500 |a "An ADC monograph." 
504 |a Bibliography: pages 121-135. 
610 2 0 |a Agricultural Development Council. 
650 0 |a Agriculture  |x Research. 
651 0 |a Developing countries  |x Research. 
999 |a MARS 
999 f f |s d8b11f8e-1213-3d73-abc9-32b3fc079263  |i bb2dc752-922d-3826-b0cc-345cd50019f3  |t 0 
952 f f |p ric  |a Texas A&M University  |b Rellis Campus  |c Joint Library Facility  |d Remote Storage  |t 0  |e S540.A2 M6  |h Library of Congress classification  |i unmediated -- volume  |m A14805179102 
998 f f |a S540.A2 M6  |t 0  |l Remote Storage